000 00620nam a22002057a 4500
005 20111007105119.0
010 _aG-001742
020 _c60.00
_a8176552828
035 1 d _aG-001742
037 _bGift
082 _aS
100 _aDas, Varsha
_935276
245 E _aJataka stories /
_cby Varsha Das
260 _aGurgon
_bScholastic India
_c2003
270 _a29 Udyog Vihar, Phase-I
_bGurgaon
_e122016
300 _a71p.
_c22cm(pbk)
942 _2ddc
_cEN
_hS
_mDAS
999 _c57341
_d57341